000 00804nam a22002537a 4500
005 20170123162346.0
010 _a578716
020 _c5.00
035 _a578716
037 _bCen Lib/Ret
040 _aDPL
_bUR
082 _a841
_bغ ل ا
100 _aغلام ربّانی تاباں
_9113509
245 _aذوق سفر /
_bغلام ربّانی تاباں
246 _aZauq-e-safar /
_bby Ghulam Rabbani Taban
260 _aنیی دہلی
_bمکتبہ جامہ لمیٹڈ
_c1970
270 _bنیی دہلی
_aجامہ نگر
_e110025
300 _a192p.
_c21cm(Hb)
650 _aادب -- اردو
_9131840
650 _aاردو غزل
_9131841
650 _aUrdu literature
_9131842
650 _aUrdu poetry
_9131843
942 _2ddc
_cUR
_h841
_mغ ل ا
999 _c108898
_d108898